000 00445nam a2200193 i 4500
001 bg
100 1 _aLAZZARINI, Tadeusz
245 1 0 _aWykłady geodezji II /
_cTadeusz Lazzarini.
250 _aWyd 5 zm.
260 _aWarszawa,
_c1980.
650 4 _aGeodezja
650 4 _aPodręczniki akademickie
040 _cBPK
041 _apol
080 _a528
080 _a(075.8)
942 _cKS
008 s pl f |000 0 pol
999 _c19152
_d19152
856 _uhttp://koha.tu.koszalin.pl/cgi-bin/koha/opac-detail.pl?biblionumber=19152
_yKatalog online BPK